000 00244nam a2200109Ia 4500
008 240625s9999 xx 000 0 und d
041 _aeng
082 _a337 PUG
100 _aPUGEL THOMAS A
245 _aINTERNATIONAL ECONOMICS
260 _c2011
999 _c40402
_d40402